Parts of Country Names - Statistics

General Stats
  • This quiz has been taken 59 times
  • The average score is 11 of 14
Answer Stats
Hint Answer % Correct
Onaco Monaco
100%
Rmany Germany
98%
Aldiv Maldives
98%
Hilip Philippines
95%
Yrgyz Kyrgyzstan
93%
Uvalu Tuvalu
93%
Enezu Venezuela
93%
Ngoli Mongolia
91%
Ustra Australia
80%
Iopia Ethiopia
80%
Jikis Tajikistan
76%
Dones Indonesia
58%
Lades Bangladesh
40%
Rates United Arab Emirates
35%
No matching quizzes found
Score Distribution
Percent of People with Each Score
Percentile by Number Answered
Your Score History
You have not taken this quiz